| 000 | 00460nam a2200181Ia 4500 | ||
|---|---|---|---|
| 008 | 100920s9999 xx 000 0 und d | ||
| 082 |
_b99310 _a4 न 06 |
||
| 100 | _aSATCHIDANDASN K. | ||
| 245 | _aAUTHORS SPEAK. | ||
| 260 |
_bSAHITYA AKADAMI DELHI. _c2006 |
||
| 300 |
_a324 _bसाधी |
||
| 365 | _b200 | ||
| 520 | _aई. एल.डी. | ||
| 630 | _aAUTHORS SPEAK. | ||
| 650 | _aई. एल.डी. | ||
| 730 | _aAUTHORS SPEAK. | ||
| 942 | _cBOOK | ||
| 999 |
_c739748 _d739745 |
||